| 000 | 00868cam a22002894a 4500 | ||
|---|---|---|---|
| 001 | 13626292 | ||
| 005 | 20171218064754.0 | ||
| 008 | 040615s2005 maua b 001 0 eng | ||
| 010 | _a 2004014019 | ||
| 016 | 7 |
_a101221223 _2DNLM |
|
| 020 | _a0727917595 | ||
| 035 | _a(OCoLC)ocm55671815 | ||
| 040 |
_aDNLM/DLC _cDLC _dYDX _dNLM _dBAKER _dDLC |
||
| 041 | _aeng | ||
| 042 | _apcc | ||
| 060 | 0 | 0 | _a2005 H-502 |
| 060 | 1 | 0 |
_aWP 610 _bA134 2005 |
| 080 | _a616.69 WOO | ||
| 082 | 0 | 0 |
_a616.69 WOO _222 |
| 100 | _a4 | ||
| 101 | _aSHM | ||
| 245 | 0 | 0 |
_aABC of sexual health / _cedited by John M. Tomlinson. |
| 504 | _aIncludes bibliographical references and index. | ||
| 906 |
_a7 _bcbc _corignew _d1 _eecip _f20 _gy-gencatlg |
||
| 942 |
_2ddc _cBK |
||
| 999 |
_c39065 _d39065 |
||